|
|
|
|
| LEADER |
00000naa2a2200000 4500 |
| 001 |
427978 |
| 005 |
20231101074747.0 |
| 035 |
|
|
|a (RuTPU)RU\TPU\prd\87455
|
| 035 |
|
|
|a RU\TPU\tpu\3452
|
| 090 |
|
|
|a 427978
|
| 100 |
|
|
|a 20101005a1966 k y0rusy50 ca
|
| 101 |
0 |
|
|a rus
|
| 102 |
|
|
|a RU
|
| 200 |
1 |
|
|a К расчету оптимальных размеров сцинтилляционных кристалов
|f А. М. Кольчужкин, В. В. Учайкин, В. В. Рыжов
|
| 461 |
|
|
|0 (RuTPU)RU\TPU\prd\151
|t Дефектоскопия
|d 1965-
|
| 463 |
|
|
|0 (RuTPU)RU\TPU\prd\24149
|t № 6
|v С. 64-66
|d 1966
|
| 610 |
1 |
|
|a материаловедение
|
| 610 |
1 |
|
|a труды учёных ТПУ
|
| 610 |
1 |
|
|a дефектоскопия
|
| 610 |
1 |
|
|a контроль изделий
|
| 700 |
|
1 |
|a Кольчужкин
|b А. М.
|c российский физик-ядерщик
|c профессор кафедры экспериментальной ядерной физики Томского политехнического университета
|f 1935-
|g Анатолий Михайлович
|2 stltpush
|3 (RuTPU)RU\TPU\pers\19798
|
| 701 |
|
1 |
|a Учайкин
|b В. В.
|
| 701 |
|
1 |
|a Рыжов
|b В. В.
|
| 801 |
|
0 |
|a RU
|b 63413507
|c 20011210
|g PSBO
|
| 801 |
|
2 |
|a RU
|b 63413507
|c 20131011
|g PSBO
|
| 942 |
|
|
|c BK
|